Modeh ani means thank-you / (Record no. 14537)
[ view plain ]
| 000 -LEADER | |
|---|---|
| fixed length control field | 00596nam a22002052 4500 |
| 001 - CONTROL NUMBER | |
| control field | 0000009665 |
| 005 - DATE AND TIME OF LATEST TRANSACTION | |
| control field | 20151217160122.0 |
| 008 - FIXED-LENGTH DATA ELEMENTS--GENERAL INFORMATION | |
| fixed length control field | 081114s xx 000 0 eng d |
| 020 ## - INTERNATIONAL STANDARD BOOK NUMBER | |
| International Standard Book Number | 0873063929 : |
| 040 ## - CATALOGING SOURCE | |
| Original cataloging agency | KABU |
| Transcribing agency | KABU |
| 100 1# - MAIN ENTRY--PERSONAL NAME | |
| Personal name | Lipson, Ruth. |
| -- | 0000161389 |
| 245 10 - TITLE STATEMENT | |
| Title | Modeh ani means thank-you / |
| Statement of responsibility, etc. | Ruth Lipson; illus. by Orit Golan-Martin. |
| 250 ## - EDITION STATEMENT | |
| Edition statement | 1st ed. |
| 260 ## - PUBLICATION, DISTRIBUTION, ETC. (IMPRINT) | |
| Place of publication, distribution, etc. | New York : |
| Name of publisher, distributor, etc. | Feldheim, |
| Date of publication, distribution, etc. | 1986. |
| 300 ## - PHYSICAL DESCRIPTION | |
| Extent | 24 p. |
| 700 1# - ADDED ENTRY--PERSONAL NAME | |
| Personal name | Golan-Martin, Orit. |
| -- | 0000161390 |
| 852 1# - LOCATION | |
| -- | p100 KES |
| 908 ## - PUT COMMAND PARAMETER (RLIN) | |
| Put command parameter | 081114 |
| 950 ## - LOCAL HOLDINGS (RLIN) | |
| -- | 1 |
| Withdrawn status | Lost status | Source of classification or shelving scheme | Not for loan | Home library | Current library | Date acquired | Total Checkouts | Full call number | Barcode | Date last seen | Date last checked out | Price effective from | Koha item type |
|---|---|---|---|---|---|---|---|---|---|---|---|---|---|
| Library of Congress Classification | Kabarak, Main Campus | Kabarak, Main Campus | 17/12/2015 | 1 | PZ7 .L57M6 c. 1 | 15526 | 30/03/2023 | 16/03/2023 | 17/12/2015 | Children Collection |